| 000 | 01125nam0a2200301 i 4500 | ||
|---|---|---|---|
| 001 | RU\NLR\BIBL_A\010012021 | ||
| 005 | 20260503054306.0 | ||
| 010 |
_a9785984291200 _9300 |
||
| 021 |
_aRU _b2013-86356 _95973 |
||
| 035 | _a(NILC)RuMoRGB-006687559 | ||
| 035 | _a(NLR Aleph) 010012021 | ||
| 090 |
_a9859029 _c9859029 |
||
| 100 | _a20131209d2013 km y0rusy50 ca | ||
| 101 | 0 | _arus | |
| 102 | _aRU | ||
| 105 | _aac||||||||||| | ||
| 200 | 1 |
_aСтихи жизни _fПопов М. М. |
|
| 210 |
_aМичуринск _cМичуринск _d2013 |
||
| 215 |
_a201 с. _cил., цв. ил., портр. _d21 см |
||
| 327 | 0 |
_aСодерж.: циклы: Я помню!… Я горжусь! ; _aУважай ты мать - природу ; _aКак часто жизнь не ценим мы |
|
| 675 | _a821.161.1-1 | ||
| 686 | 2 | _aШ6(2=Р)8-5 | |
| 700 | 1 |
_aПопов _bМ. М. _cавтор стихотворений _f1949- _gМихаил Михайлович _3RU\NLR\AUTH\770128777 _9128746 |
|
| 801 | 0 |
_aRU _bRuMoRKP _c20131024 _gRCR |
|
| 801 | 2 |
_aRU _bРГБ _c20131114 _grcr |
|
| 942 | _cBOOK | ||
| 980 | _aNBR | ||